• 首页
  • 本馆介绍
  • 公告通知
  • 最新文献
  • 馆藏检索
  • 电子资源
  • 读者导购
  • 参考咨询
  • 我的图书馆
  • 登录
  • 详细信息显示
  • 放入我的书架
  • 预约/预借图书
  • 作者相关作品
  • 分类相关作品
  • 丛书相关作品
  • 出版社相关作品

书目信息

  • 表格格式
  • 工作单格式
  • 卡片格式
题名:
光纤光学原理及应用
    
 
作者: 张伟刚 编著
分册:  
出版信息: 北京   清华大学出版社  2017.11
页数: 10, 316页
开本: 26cm
丛书名:
单 册:
中图分类: TN25
科图分类:
主题词: 纤维光学--qian wei guang xue--高等学校--教材
电子资源:
ISBN: 978-7-302-47801-0
000 01207nam0 2200265 450
001 0106081923
005 20201109093425.65
010    @a978-7-302-47801-0@dCNY49.00
100    @a20180217e20202017em y0chiy50 ea
101 0  @achi
102    @aCN@b110000
105    @aa z 000yy
106    @ar
200 1  @a光纤光学原理及应用@Aguang xian guang xue yuan li ji ying yong@dPrinciple and application of optical fiber@f张伟刚编著@zeng
205    @a2版
210    @a北京@c清华大学出版社@d2017.11@h2020.05
215    @a10, 316页@c图@d26cm
300    @a教育部高等学校电子信息类专业教学指导委员会规划教材高等学校电子信息类专业系列教材
330    @a本书以经典电磁场理论和近代光学为基础,系统论述了光纤光学的基本原理、传输特性、设计方法、实现技术及主要应用。全书共12章,具体内容包括:光纤光学的基本概念、重要参数、光学及物化特性,光波在均匀光纤和渐变光纤中传输的光线理论和波动理论,单模光纤、微结构光纤的分类、特性、分析方法及典型设计等。
510 1  @aPrinciple and application of optical fiber@zeng
606 0  @a纤维光学@Aqian wei guang xue@x高等学校@j教材
690    @aTN25@v5
701  0 @a张伟刚@Azhang wei gang@c(光电技术)@4编著
801  0 @aCN@bBJSZM@c20201106
905    @b1194800-3@dTN25@e145=2@f4
    
    光纤光学原理及应用=Principle and application of optical fiber/张伟刚编著.-2版.-北京:清华大学出版社,2017.11(2020.05)
    10, 316页:图;26cm
    教育部高等学校电子信息类专业教学指导委员会规划教材高等学校电子信息类专业系列教材
    
    ISBN 978-7-302-47801-0:CNY49.00
    本书以经典电磁场理论和近代光学为基础,系统论述了光纤光学的基本原理、传输特性、设计方法、实现技术及主要应用。全书共12章,具体内容包括:光纤光学的基本概念、重要参数、光学及物化特性,光波在均匀光纤和渐变光纤中传输的光线理论和波动理论,单模光纤、微结构光纤的分类、特性、分析方法及典型设计等。
●
相关链接 在E读中查询图书 在五车中查询图书 在当当中查询图书 在豆瓣中查询图书


正题名:光纤光学原理及应用     索取号:TN25/145=2         预约/预借

序号 登录号 条形码 馆藏地/架位号 状态 备注
1 1194800   211948008   第二样本阅览室/ [索取号:TN25/145=2] 在馆    
2 1194801   211948017   第三借阅区/ [索取号:TN25/145=2] 在馆    
3 1194802   211948026   第三借阅区/ [索取号:TN25/145=2] 在馆    
4 1194803   211948035   第三借阅区/ [索取号:TN25/145=2] 在馆    
唐山师范学院图书馆 欢迎您!
大连网信软件有限公司© 版权所有